AFL or NRL Team - Click the League - Statistics

General Stats
  • This quiz has been taken 561 times
  • The average score is 34 of 37
Answer Stats
Hint Answer % Correct
Collingwood Magpies AFL
94%
Essendon Bombers AFL
94%
Fremantle Dockers AFL
94%
Geelong Cats AFL
94%
Hawthorn Hawks AFL
94%
Port Adelaide Power AFL
94%
St Kilda Saints AFL
94%
Sydney Swans AFL
94%
Dolphins NRL
94%
Penrith Panthers NRL
94%
Adelaide Crows AFL
93%
Melbourne Demons AFL
93%
Canberra Raiders NRL
93%
New Zealand Warriors NRL
93%
North Queensland Cowboys NRL
93%
Parramatta Eels NRL
93%
South Sydney Rabbitohs NRL
93%
St George Illawarra Dragons NRL
93%
Sydney Roosters NRL
93%
Brisbane Lions AFL
92%
Carlton Blues AFL
92%
Greater Western Sydney Giants AFL
92%
Canterbury-Bankstown Bulldogs NRL
92%
Cronulla-Sutherland Sharks NRL
92%
Manly Warringah Sea Eagles NRL
92%
Melbourne Storm NRL
92%
Gold Coast Suns AFL
91%
North Melbourne Kangaroos AFL
91%
Richmond Tigers AFL
91%
Wests Tigers NRL
91%
West Coast Eagles AFL
90%
Brisbane Broncos NRL
90%
Gold Coast Titans NRL
90%
Newcastle Knights NRL
90%
Western Bulldogs AFL
88%
North Sydney Bears NRL
78%
Brisbane Bears AFL
65%
No matching quizzes found
Score Distribution
Percent of People with Each Score
Percentile by Number Answered
Your Score History
You have not taken this quiz